000 00489nam a2200145 a 4500
001 000040889
005 20201002034444.0
008 130910s1997 dr a 000 0 spa d
040 _aDO-SdBNP
_bspa
_cBNPHU
082 _axxx
_bxxxx
245 0 0 _aInforme sobre las principales actividades de servicios. :
_b(semestre enero-junio 1995-1997).
260 _aSanto Domingo :
_bINDOTEC,
_c1997.
300 _a17 p. :
_bil. ;
_c27 cm.
710 1 _aInstituto dominicano de tecnologĂ­a industrial
_964231
999 _c40379
_d40379